| 000 | 01198nam a2200205Ia 4500 | ||
|---|---|---|---|
| 003 | Ost | ||
| 005 | 20260416102400.0 | ||
| 008 | 260416s9999||||xx |||||||||||||| ||und|| | ||
| 040 | _cfsecg | ||
| 041 | _aara | ||
| 082 | _a658.401 | ||
| 100 |
_aبلمختار، ياسين _eمؤلف |
||
| 245 | 0 |
_a تسيير المؤسسات : _bموجهة لطلبة السنة الثانية قسم العلوم التجارية شعبة العلوم المالية و المحاسبة / _c ياسين بلمختار |
|
| 260 |
_aالجزائر _bجامعة الجزائر3: كلية العلوم الإقتصادية، العلوم التجارية وعلوم التسيير _c2022 |
||
| 300 |
_a134 ورقة _bايضاحات _c12 سم |
||
| 504 | _aالمراجع ص.132 | ||
| 520 | _aتسيير المؤسسات الاقتصادية و مستواياتها مع ابراز اهم اهميها، و التعرف على مختلف اشكالها ، و التعرف على كيفية انشاء مؤسسة اقتصادية | ||
| 710 |
_aجامعة الجزائر3: كلية العلوم الإقتصادية، العلوم التجارية وعلوم التسيير _eناشر علمي |
||
| 942 | _cHANDOUT | ||
| 999 |
_c41382 _d41382 |
||